| 000 | 00728nam a2200217Ia 4500 | ||
|---|---|---|---|
| 003 | IN-BaIIA | ||
| 008 | 211028s9999 xx 000 0 eng d | ||
| 040 | _cIIA Library | ||
| 080 |
_a047.1.53:51 _bMET-5 |
||
| 245 | 0 |
_aNuclear particle kinematics _cedited by Berni Alder, Sidney Fernbach and Manuel Rotenberg |
|
| 260 |
_aNew York _bAcademic Press _c1964 |
||
| 300 | _axi, 264p. | ||
| 490 | _aMethods in computational physics; v. 5 | ||
| 650 | _aNASA Thesaurus | ||
| 650 |
_aNuclear physics _91527 |
||
| 650 |
_aNuclear reactions _92819 |
||
| 700 |
_aAlder, Berni, ed. _94876 |
||
| 700 |
_aFernbach, Sidney, ed. _94877 |
||
| 700 |
_aRotenberg, Manuel, ed. _94878 |
||
| 942 | _cBK | ||
| 999 |
_c2720 _d2720 |
||